000 00676nam a2200301Ia 4500
005 20260401122300.0
008 008 250103s9999 xx 000 0 eng d
020 _a8177558692
037 _aTB
040 _aEDL
040 _beng
040 _cEDL
041 _2eng
041 _aeng
084 _a891.31 COL
084 _qEDL
100 _aColebrooke, H.T
_91233119
245 0 _aSanskrit and Prakrit Poetry: Introduction
245 0 _cColebrooke, H.T
260 _aNew Delhi
260 _bCosmo Publications
260 _c2004
300 _a144p
942 _cTB
942 _h891.31 COL
999 _c1846213
_d1846213